Don Francisco Español y Villasante y el alzamiento en Carabanchel, Madrid, julio de 1936 / (Record no. 15766)

MARC details
000 -LEADER
campo de control de longitud fija 00790nam a2200241 i 4500
001 - NÚMERO DE CONTROL
campo de control 15766
003 - IDENTIFICADOR DE NÚMERO DE CONTROL
campo de control ES-MaACL
005 - FECHA Y HORA DE LA ÚLTIMA TRANSACCIÓN
campo de control 20250804105437.0
007 - CAMPO FIJO DE DESCRIPCIÓN FÍSICA--INFORMACIÓN GENERAL
campo de control de longitud fija t|
008 - DATOS DE LONGITUD FIJA--INFORMACIÓN GENERAL
campo de control de longitud fija 000505s1998 sp ||||0| spa j
017 ## - NÚMERO DE COPYRIGHT O DE DEPÓSITO LEGAL
Número de copyright o de depósito legal M 40850-1998
040 ## - FUENTE DE CATALOGACIÓN
Centro catalogador/agencia de origen M-BN
Lengua de catalogación spa
Centro/agencia transcriptor M-BN
080 ## - NÚMERO DE LA CLASIFICACIÓN DECIMAL UNIVERSAL
Número de la Clasificación Decimal Universal 929 Español, Francisco
080 ## - NÚMERO DE LA CLASIFICACIÓN DECIMAL UNIVERSAL
Número de la Clasificación Decimal Universal 946.027 M.-212"1936/39"
100 1# - ENTRADA PRINCIPAL--NOMBRE DE PERSONA
Nombre de persona Español Bouché, Luis,
Fechas asociadas al nombre 1964-
9 (RLIN) 47768
245 10 - MENCIÓN DEL TÍTULO
Título Don Francisco Español y Villasante y el alzamiento en Carabanchel, Madrid, julio de 1936 /
Mención de responsabilidad, etc. Luis Español.
260 ## - PUBLICACIÓN, DISTRIBUCIÓN, ETC.
Lugar de publicación, distribución, etc. Madrid :
Nombre del editor, distribuidor, etc. L. Español,
Fecha de publicación, distribución, etc. 1998.
300 ## - DESCRIPCIÓN FÍSICA
Extensión 43 p ;
Dimensiones 30 cm.
600 14 - PUNTO DE ACCESO ADICIONAL DE MATERIA--NOMBRE DE PERSONA
Nombre de persona Español, Francisco.
9 (RLIN) 47767
651 #4 - PUNTO DE ACCESO ADICIONAL DE MATERIA--NOMBRE GEOGRÁFICO
Nombre geográfico Carabanchel (Madrid)-
Subdivisión general Historia-
Subdivisión cronológica 1936-1939.
9 (RLIN) 7964
852 ## - LOCALIZACIÓN
Ubicación ES-MaACL
Número de control de estantería L-22979
Sublocalización o colección R.126964
Holdings
Estatus retirado Estado de pérdida Estado de daño No para préstamo Biblioteca de origen Biblioteca actual Ubicación en estantería Fecha de adquisición Fuente de adquisición Total de préstamos Signatura topográfica completa Código de barras Visto por última vez Precio de reemplazo Tipo de ítem Koha
        Biblioteca del Ateneo de Madrid Biblioteca del Ateneo de Madrid Depósito 2 17/01/2008     L-22979 1016025 23/02/2023 23/02/2023 Libro impreso